| 000 | 02590nam a2200325Ia 4500 | ||
|---|---|---|---|
| 001 | 4924 | ||
| 003 | DO-SdBPM | ||
| 005 | 20251121080414.0 | ||
| 007 | ta | ||
| 008 | 140604s2003 dr 000 0spad | ||
| 020 | _a9993495921 | ||
| 040 |
_aDO-SdBPM _bspa _cBPMSU _erda |
||
| 082 | 4 |
_a193.9 _bB828c 2003 _222 |
|
| 100 | 1 |
_aBrea Franco, Luis O. _d1946 - 2020 _eautor _4aut. |
|
| 245 | 1 | 0 |
_aClaves para una lectura de Nietzsche : _bprolegómenos a una interpretación de su obra / _cBrea Franco, Luis O. |
| 250 | _a2a ed. revisada y corregida | ||
| 264 |
_aSanto Domingo : _bAcademia de Ciencias de la República Dominicana, _c2003 |
||
| 300 |
_a540 p. ; _c21 cm. |
||
| 500 | _aIncluye datos biográficos del autor en la solapa de la cubierta | ||
| 505 | 0 | _anidos: Consideraciones preliminares, 13.-- Planteamiento del problema, 45.-- Importancia de Nietzsche y dificultades de su hermenéutica, 47.-- La vida de Nietzsche es su pensamiento,55.-- Sobre el estilo en Nietzsche, 64.-- Apertura de una vía hacia Nietzsche, 69.-- El horizonte del comprender: idea de perspectiva, 97.-- ¿Qué es interpretación, 131.-- Otras ideas directivas del pensamiento de Nietzsche, 173.-- Idea de la voluntad de poderío,177.-- Ontología: ser y devenir, 187.-- El eterno retorno de lo mismo, 199.-- Genealogía: acción y reacción de las fuerzas, 227.-- Crítica de la ciencia moderna, 239.-- Individuo, sociedad y Estado,267.-- La locura de Nietzsche y el destino de la obra, 279.-- La locura de Nietzsche: manifestación, orígenes y consecuencias de la enfermedad para la obra, 281.-- Nietzsche como campo de batalla, 306.-- La recepción de la obra en Alemania, 323.-- Las ediciones de la obra por el ¨Nietzsche-Archiv¨ y la edición crítica Colli-Montinari, 335.-- El caso de la ¨Voluntad de poderío¨, 350.-- Conclusión metodológica: planteamiento para una lectura de la obra de Nietzsche, 375.-- Anexos. Currículo para Basilea y Vita para G. Brandes, 413.-- Bibliografía de Nietzsche, 417.-- Relación de las ediciones de las obras de Nietzsche en alemán, 439.-- Cronología de Friedrich Nietzsche, 449.-- Bibliografía utilizada en la investigación, 461. | |
| 586 | _aPremio Nacional de Ensayo Pedro Henríquez Ureña, 2004 | ||
| 590 | _6Inventariado, 2025/VM | ||
| 600 | 1 | 4 |
_aNietzsche, Friedrich Wilhelm _d1844-1900 _xCrítica e interpretación |
| 650 | 7 | _aMetafísica | |
| 650 | 7 | _aFilosofía alemana. | |
| 650 | 7 |
_aDios _xAspectos filosóficos. |
|
| 710 | 1 |
_aRepública Dominicana. _bMinisterio de Cultura |
|
| 910 | _aVMateo V. Control de calidad. BPMSU | ||
| 942 |
_2ddc _cBK |
||
| 999 |
_c15531 _d15531 |
||